000 00507nam a2200181 i 4500
001 76777
003 ES-MaACL
005 20240421063019.0
007 t|
008 041005s1973 sp ||||1| spa d
100 _aGuillén, Rafael,
_d1933-2023
_9235890
245 1 0 _aAntología
_b: (1953-1973) /
_cRafael Guillén.
260 _aSevilla :
_bUniversidad de Sevilla,
_c[1973]
300 _a242 p. ;
_c19 cm.
852 _aES-MaACL
_jC-54581
_bR.87413
942 _2udc
999 _c76777
_d76777